Bibliografía de Don José Toribio Medina. Notas críticas, con retrato

Furkejuvvon:
Bibliográfalaš dieđut
Váldodahkki: Feliú Cruz, Guillermo (autor)
Materiálatiipa: Girji
Giella:espánnjágiella
Almmustuhtton: Buenos Aires Imprenta de la Universidad 1931
Preanttus:1a. ed
Fáttát:
Fáddágilkorat: Lasit fáddágilkoriid
Eai fáddágilkorat, Lasit vuosttaš fáddágilkora!

MARC

LEADER 00000nam a2200000 a 4500
001 UCJ3893
003 CL-VaPUC
005 20220311074025.0
008 070124e19310000AG |||||||||||||||||spa|d
999 |c 320012  |d 320010 
040 |c Pontificia Universidad Católica de Valparaíso 
082 0 4 |a 983  |b FEL  |2 21 
100 |a Feliú Cruz, Guillermo  |e autor  |9 392726 
245 1 0 |a Bibliografía de Don José Toribio Medina. Notas críticas, con retrato 
250 |a 1a. ed 
260 |a Buenos Aires  |b Imprenta de la Universidad  |c 1931 
300 |a 177 p 
500 |a Front., retrato de Don José Toribio Medina. La signatura indica MED y no FEL, como corresponde por ser su autor Feliú Cruz, con el objeto de que las obras acerca de Medina queden junto a las del polígrafo 
583 |a last modification  |c 20070124 00:00:00  |k Rodrigo Vera 
600 0 |a Medina, José Toribio,  |d 1852-1930  |9 864344 
650 7 |a BIOGRAFIA  |2 CL-VaPUC  |9 504622 
650 7 |a BIBLIOGRAFIA  |2 CL-VaPUC  |9 256175 
650 0 |a Iconografía   |9 267998 
650 0 |a Historiografía   |9 257871 
650 7 |a FUENTES  |2 CL-VaPUC  |9 255666 
650 7 |a CRITICA HISTORICA  |2 CL-VaPUC  |9 506432 
650 7 |a DOCUMENTOS  |2 CL-VaPUC  |9 366450 
650 0 |a Crítica literaria   |9 269189 
650 7 |a OBRAS POSTUMAS  |2 CL-VaPUC  |9 506433 
942 |c BK  |2 ddc 
945 |d 20070124 00:00:00  |a rinostro 
952 |0 0  |1 0  |4 0  |6 983_000000000000000_FEL_1931  |7 0  |8 X  |9 398446  |a FDOBUD  |b FDOBUD  |d 2019-11-22  |i 1010530  |o 983 FEL 1931  |p 1010530  |r 2019-11-22  |w 2019-11-22  |y BK_X  |k BUD